00351nam a2200133Ia 4500008004100000020001500041041001200056082001600068100002100084245006800105260002100173300000800194650001500202221030s9999 xx 000 0 und d a8120316231 aEnglish a105.23bRat aE. Rathakrishnan 0aFundamentals of Engineering Thermodynamicscby E. Rathakrishnan bPHIaIndiac2000 a642 aMechanical